Examples in structural analysis / (Record no. 11429)
[ view plain ]
| 000 -LEADER | |
|---|---|
| fixed length control field | 01235cam a22003018a 4500 |
| 001 - CONTROL NUMBER | |
| control field | 14268203 |
| 005 - DATE AND TIME OF LATEST TRANSACTION | |
| control field | 20060810202659.0 |
| 008 - FIXED-LENGTH DATA ELEMENTS--GENERAL INFORMATION | |
| fixed length control field | 060216s2006 enk 000 0 eng |
| 010 ## - LIBRARY OF CONGRESS CONTROL NUMBER | |
| LC control number | 2006005678 |
| 020 ## - INTERNATIONAL STANDARD BOOK NUMBER | |
| International Standard Book Number | 0415370531 (hardback : alk. paper) |
| 020 ## - INTERNATIONAL STANDARD BOOK NUMBER | |
| International Standard Book Number | 041537054X (pbk. : alk. paper) |
| 040 ## - CATALOGING SOURCE | |
| Original cataloging agency | DLC |
| Transcribing agency | DLC |
| Modifying agency | DLC |
| 042 ## - AUTHENTICATION CODE | |
| Authentication code | pcc |
| 050 00 - LIBRARY OF CONGRESS CALL NUMBER | |
| Classification number | TA645 |
| Item number | .M385 2006 |
| 082 00 - DEWEY DECIMAL CLASSIFICATION NUMBER | |
| Classification number | 624.171 |
| Edition number | 22 |
| Item number | MCK |
| 100 1# - MAIN ENTRY--PERSONAL NAME | |
| Personal name | McKenzie, W. M. C. |
| Fuller form of name | (William M. C.). |
| 9 (RLIN) | 4274 |
| 245 10 - TITLE STATEMENT | |
| Title | Examples in structural analysis / |
| Statement of responsibility, etc | William M. C. McKenzie. |
| 260 ## - PUBLICATION, DISTRIBUTION, ETC. (IMPRINT) | |
| Place of publication, distribution, etc | London ; |
| -- | New York : |
| Name of publisher, distributor, etc | Taylor & Francis, |
| Date of publication, distribution, etc | c2006. |
| 263 ## - PROJECTED PUBLICATION DATE | |
| Projected publication date | 0607 |
| 300 ## - PHYSICAL DESCRIPTION | |
| Extent | 707 p: |
| Other physical details | ill; |
| Dimensions | 25 cm. |
| 500 ## - GENERAL NOTE | |
| General note | Includes Index. |
| 650 #0 - SUBJECT ADDED ENTRY--TOPICAL TERM | |
| Topical term or geographic name as entry element | Structural analysis (Engineering) |
| 9 (RLIN) | 4275 |
| 856 41 - ELECTRONIC LOCATION AND ACCESS | |
| Materials specified | Table of contents only |
| Uniform Resource Identifier | <a href="http://www.loc.gov/catdir/toc/ecip069/2006005678.html">http://www.loc.gov/catdir/toc/ecip069/2006005678.html</a> |
| 856 42 - ELECTRONIC LOCATION AND ACCESS | |
| Materials specified | Publisher description |
| Uniform Resource Identifier | <a href="http://www.loc.gov/catdir/enhancements/fy0654/2006005678-d.html">http://www.loc.gov/catdir/enhancements/fy0654/2006005678-d.html</a> |
| 942 ## - ADDED ENTRY ELEMENTS (KOHA) | |
| Source of classification or shelving scheme | Dewey Decimal Classification |
| Item type | Book - Borrowing |
| Withdrawn status | Item status | Source of classification or shelving scheme | Damaged status | Not for loan | Vendor | Home library | Current library | Shelving location | Date acquired | Source of acquisition | Cost, normal purchase price | Serial Enumeration / chronology | Total Checkouts | Total Renewals | Full call number | Barcode | Date last seen | Date last borrowed | Koha item type |
|---|---|---|---|---|---|---|---|---|---|---|---|---|---|---|---|---|---|---|---|
| Dewey Decimal Classification | Alahram | Central Library | Central Library | First floor | 26/04/2009 | 378.00 | 371 | 7 | 95 | 624.171 MCK | 000015959 | 15/07/2025 | 19/10/2015 | Book - Borrowing |